Gaming Quiz

Random Gaming or Video Games Quiz

Final Fantasy VII Party Members Quiz Stats

 Plays Quiz Updated Feb 20, 2019

Support Sporcle.
Go Orange.
Score 0/9 Timer 03:00
2 Plays Today
% Correct
Cloud Strife
99%
Tifa Lockhart
93.4%
Barret Wallace
90%
Aeris Gainsborough
85.3%
Vincent Valentine
85%
Red XIII
85%
Cid Highwind
81.3%
Yuffie Kisaragi
80.5%
Cait Sith
73.5%

From the Vault

Movie Cast Match (1983)

by MasterKGlas

Movies 8m
A match made in (movie) heaven.
Remove Ads.
Support Sporcle.
Get the best of Sporcle when you Go Orange. This ad-free experience offers more features, more stats, and more fun while also helping to support Sporcle. Thank you for becoming a member.

Show Comments

Extras

Top Quizzes Today


Score Distribution

Your Account Isn't Verified!

In order to create a playlist on Sporcle, you need to verify the email address you used during registration. Go to your Sporcle Settings to finish the process.

Report this User

Report this user for behavior that violates our Community Guidelines.

Details: